[Event "9th Vellmar Chess Days"]
[Site "chess24.com"]
[Date "2017.07.15"]
[Round "5"]
[White "Maar, Samuel"]
[Black "Everett, Elijah"]
[Result "0-1"]
[Board "13"]
[WhiteElo "1952"]
[WhiteCountry "GER"]
[WhiteFideId "12952591"]
[WhiteEloChange "-4"]
[BlackElo "2167"]
[BlackCountry "GER"]
[BlackFideId "12973696"]
[BlackEloChange "4"]

1. e4 {[%clk 1:30:57]} c5 {[%clk 1:30:52]} 2. Nf3 {[%clk 1:31:25]} d6 {[%clk
1:31:17]} 3. d4 {[%clk 1:31:51]} cxd4 {[%clk 1:31:43]} 4. Nxd4 {[%clk 1:32:16]}
Nf6 {[%clk 1:31:43]} 5. Nc3 {[%clk 1:32:16]} a6 {[%clk 1:32:33]} 6. Be3 {[%clk
1:32:05]} e5 {[%clk 1:32:17]} 7. Nb3 {[%clk 1:31:05]} Be6 {[%clk 1:32:34]} 8. Be2
{[%clk 1:28:35]} Nbd7 {[%clk 1:31:06]} 9. f3 {[%clk 1:23:26]} Be7 {[%clk
1:30:06]} 10. Qd3 {[%clk 1:14:56]} O-O {[%clk 1:24:41]} 11. Nd5 {[%clk 1:08:26]}
Bxd5 {[%clk 1:21:51]} 12. exd5 {[%clk 1:07:58]} Rc8 {[%clk 1:21:22]} 13. c4
{[%clk 1:03:06]} Nb6 {[%clk 1:17:30]} 14. Rc1 {[%clk 1:01:59]} Na4 {[%clk
1:12:59]} 15. Qd2 {[%clk 0:59:34]} b6 {[%clk 1:09:44]} 16. Rd1 {[%clk 0:54:42]}
Nd7 {[%clk 1:04:47]} 17. O-O {[%clk 0:50:41]} h6 {[%clk 1:02:16]} 18. f4 {[%clk
0:48:23]} Nac5 {[%clk 0:45:15]} 19. fxe5 {[%clk 0:42:50]} Nxb3 {[%clk 0:40:00]}
20. axb3 {[%clk 0:43:17]} Nxe5 {[%clk 0:40:17]} 21. Rf5 {[%clk 0:38:32]} g6
{[%clk 0:36:39]} 22. Rf2 {[%clk 0:34:55]} Bg5 {[%clk 0:33:32]} 23. Rdf1 {[%clk
0:32:14]} Kg7 {[%clk 0:29:41]} 24. g3 {[%clk 0:27:41]} Bxe3 {[%clk 0:26:11]} 25.
Qxe3 {[%clk 0:28:06]} a5 {[%clk 0:26:18]} 26. Rf4 {[%clk 0:25:05]} Qc7 {[%clk
0:24:01]} 27. Kg2 {[%clk 0:22:50]} f5 {[%clk 0:21:06]} 28. g4 {[%clk 0:13:56]}
fxg4 {[%clk 0:13:14]} 29. Bxg4 {[%clk 0:13:26]} Nxg4 {[%clk 0:11:56]} 30. Rxg4
{[%clk 0:12:58]} Rxf1 {[%clk 0:12:13]} 31. Kxf1 {[%clk 0:13:24]} Rf8+ {[%clk
0:12:07]} 32. Kg2 {[%clk 0:13:05]} Qf7 {[%clk 0:11:56]} 33. Re4 {[%clk 0:11:00]}
Qf1+ {[%clk 0:09:49]} 34. Kg3 {[%clk 0:11:27]} g5 {[%clk 0:06:37]} 35. Re7+
{[%clk 0:09:16]} Rf7 {[%clk 0:04:18]} 36. Re6 {[%clk 0:07:02]} Qf5 {[%clk
0:03:33]} 37. Rxd6 {[%clk 0:02:16]} h5 {[%clk 0:03:13]} 38. h3 {[%clk 0:02:33]}
h4+ {[%clk 0:03:18]} 39. Kh2 {[%clk 0:02:57]} Qc2+ {[%clk 0:03:43]} 40. Kg1
{[%clk 0:03:09]} Qb1+ {[%clk 0:03:56]} 41. Kh2 {[%clk 0:03:21]} Qxb2+ {[%clk
0:04:12]} 42. Kg1 {[%clk 0:03:47]} Qa1+ {[%clk 0:25:40]} 43. Kh2 {[%clk 0:35:07]}
Qb2+ {[%clk 0:23:26]} 44. Kg1 {[%clk 0:35:32]} Qa1+ {[%clk 0:22:57]} 45. Kh2
{[%clk 0:35:58]} Rf2+ {[%clk 0:23:08]} 46. Qxf2 {[%clk 0:36:25]} Qe5+ {[%clk
0:23:31]} 47. Kg2 {[%clk 0:36:51]} Qxd6 {[%clk 0:23:55]} 48. Qd4+ {[%clk
0:33:50]} Qf6 {[%clk 0:18:43]} 49. Qd2 {[%clk 0:34:13]} Kf7 {[%clk 0:17:52]} 50.
Qe3 {[%clk 0:29:52]} Kg6 {[%clk 0:16:10]} 51. Qd3+ {[%clk 0:29:58]} Kf7 {[%clk
0:16:00]} 52. Qf3 {[%clk 0:27:01]} Kg6 {[%clk 0:14:31]} 53. Qxf6+ {[%clk
0:23:43]} Kxf6 {[%clk 0:14:39]} 54. Kf3 {[%clk 0:24:07]} Kf5 {[%clk 0:14:28]} 55.
Ke3 {[%clk 0:20:13]} Ke5 {[%clk 0:14:24]} 56. Kf3 {[%clk 0:20:17]} b5 {[%clk
0:13:05]} 57. cxb5 {[%clk 0:13:33]} Kxd5 {[%clk 0:13:07]} 58. Kg4 {[%clk
0:13:18]} Kc5 {[%clk 0:13:29]} 59. Kxg5 {[%clk 0:13:00]} Kxb5 {[%clk 0:13:47]}
0-1

[Event "9th Vellmar Chess Days"]
[Site "chess24.com"]
[Date "2017.07.15"]
[Round "5"]
[White "Nickel, Ruediger"]
[Black "Bennedik, Martin"]
[Result "1-0"]
[Board "14"]
[WhiteElo "2157"]
[WhiteCountry "GER"]
[WhiteFideId "4618971"]
[WhiteEloChange "8"]
[BlackElo "2086"]
[BlackCountry "GER"]
[BlackFideId "4618840"]
[BlackEloChange "-8"]

1. e4 {[%clk 1:30:56]} e5 {[%clk 1:30:55]} 2. Nf3 {[%clk 1:31:21]} Nc6 {[%clk
1:31:18]} 3. d4 {[%clk 1:31:17]} exd4 {[%clk 1:31:33]} 4. Nxd4 {[%clk 1:31:40]}
Nf6 {[%clk 1:31:54]} 5. Nxc6 {[%clk 1:31:45]} bxc6 {[%clk 1:32:16]} 6. e5 {[%clk
1:32:07]} Qe7 {[%clk 1:32:31]} 7. Qe2 {[%clk 1:32:24]} Nd5 {[%clk 1:32:53]} 8. c4
{[%clk 1:32:09]} Ba6 {[%clk 1:33:13]} 9. b3 {[%clk 1:30:03]} g6 {[%clk 1:33:12]}
10. f4 {[%clk 1:25:20]} Bg7 {[%clk 1:29:44]} 11. g3 {[%clk 1:08:17]} f6 {[%clk
1:14:06]} 12. Bb2 {[%clk 0:55:26]} fxe5 {[%clk 1:07:53]} 13. fxe5 {[%clk
0:45:42]} O-O {[%clk 1:04:31]} 14. Nd2 {[%clk 0:42:26]} Nb4 {[%clk 0:54:30]} 15.
Kd1 {[%clk 0:34:35]} Rae8 {[%clk 0:36:26]} 16. a3 {[%clk 0:25:47]} Nd5 {[%clk
0:34:08]} 17. Kc2 {[%clk 0:19:56]} d6 {[%clk 0:26:31]} 18. Re1 {[%clk 0:06:55]}
Bh6 {[%clk 0:20:16]} 19. Ne4 {[%clk 0:03:25]} Ne3+ {[%clk 0:18:31]} 20. Kb1
{[%clk 0:03:47]} d5 {[%clk 0:12:06]} 21. Nf6+ {[%clk 0:04:08]} Rxf6 {[%clk
0:12:29]} 22. exf6 {[%clk 0:03:50]} Qe4+ {[%clk 0:12:43]} 23. Ka2 {[%clk
0:03:55]} Qxh1 {[%clk 0:13:05]} 24. Bg2 {[%clk 0:03:52]} dxc4 {[%clk 0:09:13]}
25. f7+ {[%clk 0:04:07]} Kxf7 {[%clk 0:08:56]} 26. Qf2+ {[%clk 0:03:28]} Kg8
{[%clk 0:07:19]} 27. Bxh1 {[%clk 0:02:50]} cxb3+ {[%clk 0:07:10]} 28. Kxb3 {[%clk
0:01:37]} Bc4+ {[%clk 0:05:33]} 29. Kb4 {[%clk 0:00:54]} Rb8+ {[%clk 0:04:07]}
30. Kc5 {[%clk 0:01:20]} Rb5+ {[%clk 0:03:21]} 31. Kxc6 {[%clk 0:01:21]} Rb6+
{[%clk 0:03:29]} 32. Kxc7 {[%clk 0:01:24]} Re6 {[%clk 0:01:08]} 33. Qd2 {[%clk
0:00:38]} Re7+ {[%clk 0:01:22]} 34. Kd8 {[%clk 0:01:04]} Bg5 {[%clk 0:01:02]} 35.
h4 {[%clk 0:01:34]} Re8+ {[%clk 0:00:32]} 36. Kxe8 {[%clk 0:01:05]} Bb5+ {[%clk
0:00:36]} 37. Qd7 {[%clk 0:01:35]} 1-0

[Event "9th Vellmar Chess Days"]
[Site "chess24.com"]
[Date "2017.07.15"]
[Round "5"]
[White "Heinelt, Manfred"]
[Black "Reitz, Philipp"]
[Result "1/2-1/2"]
[Board "15"]
[WhiteElo "2153"]
[WhiteCountry "GER"]
[WhiteFideId "4656695"]
[WhiteEloChange "-5"]
[BlackElo "1976"]
[BlackCountry "GER"]
[BlackFideId "12973297"]
[BlackEloChange "5"]

1. d4 {[%clk 1:30:54]} Nf6 {[%clk 1:30:22]} 2. Nf3 {[%clk 1:30:56]} e6 {[%clk
1:30:46]} 3. c4 {[%clk 1:31:19]} Bb4+ {[%clk 1:30:52]} 4. Bd2 {[%clk 1:31:29]} c5
{[%clk 1:31:05]} 5. a3 {[%clk 1:30:03]} Bxd2+ {[%clk 1:31:25]} 6. Qxd2 {[%clk
1:30:00]} cxd4 {[%clk 1:28:18]} 7. Nxd4 {[%clk 1:28:47]} O-O {[%clk 1:28:41]} 8.
Nc3 {[%clk 1:29:02]} d5 {[%clk 1:27:13]} 9. cxd5 {[%clk 1:18:12]} exd5 {[%clk
1:22:39]} 10. g3 {[%clk 1:15:49]} Be6 {[%clk 1:20:01]} 11. Bg2 {[%clk 1:13:48]}
Nc6 {[%clk 1:19:25]} 12. O-O {[%clk 1:13:20]} Qb6 {[%clk 1:17:22]} 13. Rfd1
{[%clk 1:05:50]} Rac8 {[%clk 1:15:13]} 14. Nxc6 {[%clk 0:49:56]} bxc6 {[%clk
1:15:26]} 15. b4 {[%clk 0:48:29]} Bg4 {[%clk 1:08:51]} 16. Re1 {[%clk 0:42:21]}
Rfe8 {[%clk 1:05:00]} 17. e3 {[%clk 0:38:15]} Ne4 {[%clk 0:57:44]} 18. Nxe4
{[%clk 0:32:47]} dxe4 {[%clk 0:57:13]} 19. Rec1 {[%clk 0:31:24]} c5 {[%clk
0:54:19]} 20. Rc4 {[%clk 0:31:37]} Qf6 {[%clk 0:46:44]} 21. Rac1 {[%clk 0:31:14]}
Rcd8 {[%clk 0:47:06]} 22. Qc2 {[%clk 0:30:53]} Bf3 {[%clk 0:28:31]} 23. Rxc5
{[%clk 0:30:36]} g6 {[%clk 0:25:24]} 24. Qc3 {[%clk 0:28:04]} Qxc3 {[%clk
0:23:27]} 25. R5xc3 {[%clk 0:28:25]} Rd2 {[%clk 0:23:48]} 26. h3 {[%clk 0:26:34]}
Kg7 {[%clk 0:23:01]} 27. Bxf3 {[%clk 0:26:01]} exf3 {[%clk 0:23:27]} 28. e4
{[%clk 0:26:23]} Rxe4 {[%clk 0:23:42]} 29. Rxf3 {[%clk 0:26:45]} Re7 {[%clk
0:23:14]} 30. Rc5 {[%clk 0:23:44]} f5 {[%clk 0:18:51]} 31. Kg2 {[%clk 0:19:40]}
Ra2 {[%clk 0:15:44]} 32. Ra5 {[%clk 0:19:41]} Rc7 {[%clk 0:15:18]} 33. g4 {[%clk
0:18:55]} fxg4 {[%clk 0:13:46]} 34. hxg4 {[%clk 0:19:12]} Kg8 {[%clk 0:12:57]}
35. Rf6 {[%clk 0:17:39]} Rd2 {[%clk 0:08:54]} 36. Rfa6 {[%clk 0:17:56]} Rf7
{[%clk 0:06:04]} 37. Rxa7 {[%clk 0:13:08]} 1/2-1/2

[Event "9th Vellmar Chess Days"]
[Site "chess24.com"]
[Date "2017.07.15"]
[Round "5"]
[White "Englert, Jon"]
[Black "Oppitz, Peter"]
[Result "1/2-1/2"]
[Board "16"]
[WhiteElo "1904"]
[WhiteCountry "GER"]
[WhiteFideId "12992275"]
[WhiteEloChange "6"]
[BlackElo "2136"]
[BlackTitle "CM"]
[BlackCountry "GER"]
[BlackFideId "4605500"]
[BlackEloChange "-6"]

1. d4 {[%clk 1:30:58]} Nf6 {[%clk 1:30:51]} 2. c4 {[%clk 1:31:23]} g6 {[%clk
1:31:11]} 3. f3 {[%clk 1:31:48]} Bg7 {[%clk 1:31:25]} 4. e4 {[%clk 1:32:11]} d6
{[%clk 1:31:50]} 5. Nc3 {[%clk 1:31:52]} O-O {[%clk 1:32:10]} 6. Be3 {[%clk
1:31:54]} Nc6 {[%clk 1:32:13]} 7. Nge2 {[%clk 1:29:44]} a6 {[%clk 1:32:26]} 8.
Qd2 {[%clk 1:25:22]} Rb8 {[%clk 1:32:45]} 9. Ng3 {[%clk 1:05:58]} e5 {[%clk
1:30:54]} 10. d5 {[%clk 1:04:43]} Nd4 {[%clk 1:31:16]} 11. O-O-O {[%clk 0:54:17]}
c5 {[%clk 1:27:39]} 12. Bd3 {[%clk 0:35:27]} Bd7 {[%clk 1:17:01]} 13. Nf1 {[%clk
0:29:45]} b5 {[%clk 1:15:46]} 14. h3 {[%clk 0:24:44]} Qa5 {[%clk 0:50:10]} 15.
Kb1 {[%clk 0:23:01]} bxc4 {[%clk 0:50:07]} 16. Bxc4 {[%clk 0:22:51]} Rb4 {[%clk
0:48:50]} 17. Qd3 {[%clk 0:19:19]} Rfb8 {[%clk 0:46:21]} 18. Bc1 {[%clk 0:18:37]}
Qb6 {[%clk 0:33:37]} 19. b3 {[%clk 0:16:32]} Bb5 {[%clk 0:29:42]} 20. Nd2 {[%clk
0:14:12]} Bh6 {[%clk 0:18:41]} 21. Ba3 {[%clk 0:04:37]} Bxd2 {[%clk 0:11:28]} 22.
Bxb4 {[%clk 0:03:48]} 1/2-1/2

[Event "9th Vellmar Chess Days"]
[Site "chess24.com"]
[Date "2017.07.15"]
[Round "5"]
[White "Lehnert, Michael"]
[Black "Verhoef, Pieter"]
[Result "0-1"]
[Board "17"]
[WhiteElo "1899"]
[WhiteCountry "GER"]
[WhiteFideId "4610210"]
[WhiteEloChange "-4"]
[BlackElo "2122"]
[BlackCountry "NED"]
[BlackFideId "1047264"]
[BlackEloChange "4"]

1. g3 {[%clk 1:30:57]} d5 {[%clk 1:30:07]} 2. Bg2 {[%clk 1:31:05]} Nf6 {[%clk
1:29:55]} 3. d3 {[%clk 1:30:50]} e5 {[%clk 1:28:57]} 4. Bg5 {[%clk 1:30:06]} c6
{[%clk 1:28:58]} 5. Bxf6 {[%clk 1:28:10]} Qxf6 {[%clk 1:29:12]} 6. Nd2 {[%clk
1:27:26]} Qd8 {[%clk 1:28:03]} 7. e3 {[%clk 1:25:24]} Bd6 {[%clk 1:27:45]} 8. Ne2
{[%clk 1:18:53]} O-O {[%clk 1:26:10]} 9. O-O {[%clk 1:17:46]} Qb6 {[%clk
1:23:45]} 10. Rb1 {[%clk 1:10:01]} Bg4 {[%clk 1:23:49]} 11. e4 {[%clk 1:07:58]}
dxe4 {[%clk 1:19:25]} 12. Nxe4 {[%clk 1:00:38]} Be7 {[%clk 1:19:21]} 13. h3
{[%clk 1:00:14]} Be6 {[%clk 1:16:43]} 14. g4 {[%clk 0:57:29]} Bxa2 {[%clk
1:16:31]} 15. Ra1 {[%clk 0:57:19]} Be6 {[%clk 1:16:38]} 16. N2g3 {[%clk 0:56:50]}
Nd7 {[%clk 1:15:58]} 17. Nf5 {[%clk 0:56:31]} Bxf5 {[%clk 1:14:42]} 18. gxf5
{[%clk 0:56:46]} Nf6 {[%clk 1:13:51]} 19. b3 {[%clk 0:55:56]} Nxe4 {[%clk
1:13:39]} 20. Bxe4 {[%clk 0:56:00]} Bf6 {[%clk 1:13:25]} 21. Qf3 {[%clk 0:52:04]}
Qc5 {[%clk 1:01:31]} 22. Ra2 {[%clk 0:44:44]} Qc3 {[%clk 1:01:42]} 23. Kh1 {[%clk
0:43:33]} a5 {[%clk 1:01:39]} 24. Rfa1 {[%clk 0:40:37]} Ra6 {[%clk 1:01:49]} 25.
Rg1 {[%clk 0:34:48]} b5 {[%clk 0:58:53]} 26. Qe2 {[%clk 0:27:17]} Rfa8 {[%clk
0:47:00]} 27. Qe1 {[%clk 0:24:52]} Qxe1 {[%clk 0:47:04]} 28. Rxe1 {[%clk
0:25:12]} a4 {[%clk 0:47:17]} 29. bxa4 {[%clk 0:24:38]} bxa4 {[%clk 0:47:19]} 30.
Rb1 {[%clk 0:22:41]} a3 {[%clk 0:46:26]} 31. Rb3 {[%clk 0:17:48]} Bg5 {[%clk
0:45:07]} 32. Rb1 {[%clk 0:14:24]} Bd2 {[%clk 0:44:06]} 33. c4 {[%clk 0:13:25]}
Bc3 {[%clk 0:43:51]} 34. Rb3 {[%clk 0:13:45]} Bd4 {[%clk 0:43:24]} 35. Kg2 {[%clk
0:13:41]} Kf8 {[%clk 0:42:28]} 36. Kf3 {[%clk 0:11:00]} Bc5 {[%clk 0:41:30]} 37.
Ke2 {[%clk 0:10:17]} Rb6 {[%clk 0:38:51]} 38. Rxb6 {[%clk 0:10:02]} Bxb6 {[%clk
0:39:16]} 39. Bxc6 {[%clk 0:10:03]} Ra5 {[%clk 0:39:39]} 40. Kd1 {[%clk 0:09:08]}
Bd4 {[%clk 0:39:59]} 41. Kc1 {[%clk 0:08:56]} Bb2+ {[%clk 0:39:50]} 42. Kb1
{[%clk 0:08:20]} Ke7 {[%clk 0:38:58]} 43. Rxb2 {[%clk 0:04:35]} axb2 {[%clk
0:39:19]} 44. Kxb2 {[%clk 0:04:59]} Kd6 {[%clk 0:39:39]} 45. Be4 {[%clk 0:04:56]}
Kc5 {[%clk 0:39:53]} 46. h4 {[%clk 0:30:26]} Ra6 {[%clk 1:10:28]} 47. h5 {[%clk
0:29:58]} Rb6+ {[%clk 1:08:47]} 48. Kc3 {[%clk 0:29:44]} Rh6 {[%clk 1:07:58]} 49.
Bf3 {[%clk 0:29:10]} Ra6 {[%clk 1:07:47]} 50. Kd2 {[%clk 0:25:29]} Kd4 {[%clk
1:07:53]} 51. Be4 {[%clk 0:25:36]} Ra2+ {[%clk 1:07:57]} 52. Ke1 {[%clk 0:25:56]}
Ra1+ {[%clk 1:07:03]} 53. Ke2 {[%clk 0:21:13]} f6 {[%clk 1:07:25]} 54. Kf3 {[%clk
0:20:52]} Rg1 {[%clk 1:07:47]} 55. Ke2 {[%clk 0:15:01]} Rg5 {[%clk 1:07:27]} 56.
h6 {[%clk 0:15:19]} gxh6 {[%clk 1:07:46]} 57. Kf1 {[%clk 0:13:52]} h5 {[%clk
1:08:08]} 58. Bg2 {[%clk 0:13:32]} h4 {[%clk 1:08:20]} 59. Bh3 {[%clk 0:13:21]}
Kxd3 {[%clk 1:08:16]} 60. c5 {[%clk 0:13:38]} Rg7 {[%clk 1:08:37]} 61. c6 {[%clk
0:13:34]} Rc7 {[%clk 1:08:04]} 62. Bg4 {[%clk 0:13:28]} Rxc6 {[%clk 1:08:00]} 63.
Be2+ {[%clk 0:13:22]} Ke4 {[%clk 1:07:59]} 64. Ke1 {[%clk 0:13:22]} 0-1

[Event "9th Vellmar Chess Days"]
[Site "chess24.com"]
[Date "2017.07.15"]
[Round "5"]
[White "Rueberg, Jobst"]
[Black "Reichenbaecher, Thomas"]
[Result "1/2-1/2"]
[Board "18"]
[WhiteElo "2107"]
[WhiteTitle "FM"]
[WhiteCountry "GER"]
[WhiteFideId "4677501"]
[WhiteEloChange "-4"]
[BlackElo "1975"]
[BlackCountry "GER"]
[BlackFideId "4643402"]
[BlackEloChange "4"]

1. e4 {[%clk 1:30:57]} c5 {[%clk 1:30:50]} 2. Nf3 {[%clk 1:31:17]} a6 {[%clk
1:30:21]} 3. b3 {[%clk 1:30:09]} d6 {[%clk 1:28:51]} 4. Bb2 {[%clk 1:29:18]} e5
{[%clk 1:29:06]} 5. d3 {[%clk 1:27:47]} Be7 {[%clk 1:27:55]} 6. c3 {[%clk
1:27:50]} Be6 {[%clk 1:26:52]} 7. Be2 {[%clk 1:22:08]} f6 {[%clk 1:24:48]} 8. d4
{[%clk 1:18:23]} Nh6 {[%clk 1:24:13]} 9. Nbd2 {[%clk 1:17:04]} O-O {[%clk
1:23:07]} 10. O-O {[%clk 1:16:26]} Kh8 {[%clk 1:15:30]} 11. Nc4 {[%clk 1:12:09]}
b5 {[%clk 1:13:10]} 12. Ne3 {[%clk 1:12:03]} Nd7 {[%clk 1:12:44]} 13. a4 {[%clk
0:52:39]} b4 {[%clk 1:08:40]} 14. d5 {[%clk 0:48:19]} Bg8 {[%clk 1:08:45]} 15.
Qd2 {[%clk 0:39:37]} a5 {[%clk 1:07:54]} 16. Bb5 {[%clk 0:36:57]} f5 {[%clk
1:03:19]} 17. exf5 {[%clk 0:35:35]} Nxf5 {[%clk 1:02:11]} 18. Nxf5 {[%clk
0:34:00]} Rxf5 {[%clk 1:02:33]} 19. Qd3 {[%clk 0:26:04]} Rf8 {[%clk 1:01:53]} 20.
Nd2 {[%clk 0:23:54]} Nf6 {[%clk 1:01:21]} 21. Bc6 {[%clk 0:22:43]} Ra7 {[%clk
0:59:24]} 22. cxb4 {[%clk 0:21:49]} axb4 {[%clk 0:58:50]} 23. Ne4 {[%clk
0:19:55]} Nh5 {[%clk 0:55:07]} 24. Bc1 {[%clk 0:18:23]} h6 {[%clk 0:54:40]} 25.
Qd1 {[%clk 0:14:45]} Nf4 {[%clk 0:54:33]} 26. g3 {[%clk 0:12:25]} Bh7 {[%clk
0:51:30]} 27. f3 {[%clk 0:11:46]} Nh3+ {[%clk 0:43:27]} 28. Kg2 {[%clk 0:12:09]}
Ng5 {[%clk 0:43:52]} 29. Bxg5 {[%clk 0:07:58]} Bxg5 {[%clk 0:43:49]} 30. Qe2
{[%clk 0:08:09]} Be7 {[%clk 0:41:47]} 31. Bb5 {[%clk 0:08:13]} Qc7 {[%clk
0:41:36]} 32. Rac1 {[%clk 0:08:02]} Bd8 {[%clk 0:41:32]} 33. Bd3 {[%clk 0:07:59]}
Bg8 {[%clk 0:41:49]} 34. Bc4 {[%clk 0:08:17]} Qe7 {[%clk 0:41:36]} 35. Rcd1
{[%clk 0:07:59]} Bb6 {[%clk 0:38:18]} 36. Rf2 {[%clk 0:05:52]} Qd8 {[%clk
0:37:53]} 37. Rdf1 {[%clk 0:05:39]} Raf7 {[%clk 0:36:54]} 38. Qe3 {[%clk
0:05:19]} Bh7 {[%clk 0:30:57]} 39. Nd2 {[%clk 0:04:24]} g5 {[%clk 0:29:04]} 40.
h3 {[%clk 0:04:06]} Rg7 {[%clk 0:25:56]} 41. Ne4 {[%clk 0:02:00]} h5 {[%clk
0:18:34]} 42. Kh2 {[%clk 0:30:11]} Rfg8 {[%clk 0:45:10]} 43. Rg1 {[%clk 0:27:35]}
Rf8 {[%clk 0:26:48]} 44. Rgf1 {[%clk 0:20:59]} Rfg8 {[%clk 0:26:37]} 1/2-1/2

[Event "9th Vellmar Chess Days"]
[Site "chess24.com"]
[Date "2017.07.15"]
[Round "5"]
[White "Gerhardt, Dirk"]
[Black "Blum, Ralph"]
[Result "0-1"]
[Board "19"]
[WhiteElo "1878"]
[WhiteCountry "GER"]
[WhiteFideId "4665139"]
[WhiteEloChange "-4"]
[BlackElo "2099"]
[BlackCountry "GER"]
[BlackFideId "4633520"]
[BlackEloChange "4"]

1. Nf3 {[%clk 1:25:35]} f5 {[%clk 1:30:52]} 2. d3 {[%clk 1:25:19]} Nf6 {[%clk
1:30:38]} 3. c4 {[%clk 1:23:45]} d6 {[%clk 1:30:50]} 4. Nc3 {[%clk 1:23:50]} e5
{[%clk 1:31:10]} 5. g3 {[%clk 1:22:55]} g6 {[%clk 1:31:26]} 6. Bg2 {[%clk
1:23:10]} Bg7 {[%clk 1:31:47]} 7. Qb3 {[%clk 1:20:12]} Nc6 {[%clk 1:31:18]} 8.
Ng5 {[%clk 1:19:23]} Nd4 {[%clk 1:18:01]} 9. Qd1 {[%clk 1:17:54]} h6 {[%clk
1:17:57]} 10. Nh3 {[%clk 1:16:47]} O-O {[%clk 1:18:07]} 11. e3 {[%clk 1:12:32]}
Ne6 {[%clk 1:18:16]} 12. Nd5 {[%clk 1:08:18]} c6 {[%clk 1:17:57]} 13. Nxf6+
{[%clk 1:07:41]} Qxf6 {[%clk 1:18:17]} 14. Bd2 {[%clk 1:03:24]} g5 {[%clk
1:18:31]} 15. Bc3 {[%clk 1:03:22]} Qf7 {[%clk 1:11:47]} 16. Qd2 {[%clk 0:57:56]}
g4 {[%clk 1:07:00]} 17. Ng1 {[%clk 0:57:46]} f4 {[%clk 1:06:49]} 18. gxf4 {[%clk
0:55:18]} exf4 {[%clk 1:07:08]} 19. Bxg7 {[%clk 0:55:08]} Kxg7 {[%clk 1:03:23]}
20. Be4 {[%clk 0:45:34]} Ng5 {[%clk 1:00:32]} 21. exf4 {[%clk 0:30:14]} Nxe4
{[%clk 0:59:45]} 22. dxe4 {[%clk 0:30:37]} Qxc4 {[%clk 0:59:44]} 23. Ne2 {[%clk
0:26:40]} Qxe4 {[%clk 0:59:17]} 24. Rg1 {[%clk 0:26:59]} Bf5 {[%clk 0:58:37]} 25.
Qd4+ {[%clk 0:19:44]} Qxd4 {[%clk 0:57:43]} 26. Nxd4 {[%clk 0:19:35]} Rae8+
{[%clk 0:57:00]} 27. Kd2 {[%clk 0:18:13]} Kf6 {[%clk 0:55:14]} 28. f3 {[%clk
0:17:13]} gxf3 {[%clk 0:54:43]} 29. Nxf3 {[%clk 0:17:36]} Re4 {[%clk 0:54:50]}
30. Kc3 {[%clk 0:15:02]} Re3+ {[%clk 0:54:50]} 31. Kd2 {[%clk 0:15:02]} Re4
{[%clk 0:54:50]} 32. Nh4 {[%clk 0:15:02]} Rfe8 {[%clk 0:53:50]} 33. Raf1 {[%clk
0:15:02]} 0-1

[Event "9th Vellmar Chess Days"]
[Site "chess24.com"]
[Date "2017.07.15"]
[Round "5"]
[White "Schnegelsberg, Karl-Heinz"]
[Black "Humburg, Philipp"]
[Result "0-1"]
[Board "20"]
[WhiteElo "1973"]
[WhiteCountry "GER"]
[WhiteFideId "4653335"]
[WhiteEloChange "-4"]
[BlackElo "2229"]
[BlackCountry "GER"]
[BlackFideId "24656151"]
[BlackEloChange "4"]

1. Nf3 {[%clk 1:26:07]} c5 {[%clk 1:30:54]} 2. g3 {[%clk 1:26:04]} Nc6 {[%clk
1:31:20]} 3. Bg2 {[%clk 1:26:27]} e5 {[%clk 1:31:46]} 4. e4 {[%clk 1:26:37]} g6
{[%clk 1:31:36]} 5. O-O {[%clk 1:26:45]} Bg7 {[%clk 1:32:03]} 6. d3 {[%clk
1:26:33]} Nge7 {[%clk 1:32:28]} 7. c3 {[%clk 1:26:42]} O-O {[%clk 1:32:51]} 8. a3
{[%clk 1:26:54]} Rb8 {[%clk 1:32:38]} 9. b4 {[%clk 1:25:29]} b6 {[%clk 1:33:00]}
10. b5 {[%clk 1:14:45]} Na5 {[%clk 1:33:28]} 11. c4 {[%clk 1:14:47]} d6 {[%clk
1:32:22]} 12. Ra2 {[%clk 1:08:18]} Qc7 {[%clk 1:31:31]} 13. Nc3 {[%clk 1:00:53]}
Nb7 {[%clk 1:31:56]} 14. Nd5 {[%clk 0:46:45]} Nxd5 {[%clk 1:31:37]} 15. cxd5
{[%clk 0:47:04]} Bg4 {[%clk 1:30:46]} 16. h3 {[%clk 0:46:56]} Bxf3 {[%clk
1:30:30]} 17. Bxf3 {[%clk 0:47:24]} f5 {[%clk 1:30:51]} 18. a4 {[%clk 0:42:17]}
Nd8 {[%clk 1:27:57]} 19. g4 {[%clk 0:29:07]} fxe4 {[%clk 1:26:09]} 20. Bxe4
{[%clk 0:29:01]} Qd7 {[%clk 1:22:14]} 21. Kg2 {[%clk 0:28:41]} Nf7 {[%clk
1:18:54]} 22. g5 {[%clk 0:28:32]} a6 {[%clk 1:19:20]} 23. bxa6 {[%clk 0:25:24]}
Ra8 {[%clk 1:19:42]} 24. h4 {[%clk 0:25:15]} Rxa6 {[%clk 1:19:44]} 25. h5 {[%clk
0:24:46]} Rfa8 {[%clk 1:19:23]} 26. hxg6 {[%clk 0:23:11]} hxg6 {[%clk 1:19:11]}
27. Bxg6 {[%clk 0:15:47]} Rxa4 {[%clk 1:15:51]} 28. Rxa4 {[%clk 0:16:04]} Rxa4
{[%clk 1:14:02]} 29. Be4 {[%clk 0:16:01]} c4 {[%clk 1:02:31]} 30. Rh1 {[%clk
0:07:55]} cxd3 {[%clk 1:02:22]} 31. Qxd3 {[%clk 0:07:04]} Qg4+ {[%clk 1:02:25]}
0-1

[Event "9th Vellmar Chess Days"]
[Site "chess24.com"]
[Date "2017.07.15"]
[Round "5"]
[White "Kuhn, Norbert"]
[Black "Verhoef, Ruud"]
[Result "1-0"]
[Board "21"]
[WhiteElo "2094"]
[WhiteCountry "GER"]
[WhiteFideId "4644697"]
[WhiteEloChange "5"]
[BlackElo "1890"]
[BlackCountry "NED"]
[BlackFideId "1040774"]
[BlackEloChange "-5"]

1. e4 {[%clk 1:30:42]} e5 {[%clk 1:30:46]} 2. d4 {[%clk 1:31:06]} exd4 {[%clk
1:31:07]} 3. Nf3 {[%clk 1:31:31]} d5 {[%clk 1:27:02]} 4. exd5 {[%clk 1:30:51]}
Bb4+ {[%clk 1:24:41]} 5. c3 {[%clk 1:24:06]} Bc5 {[%clk 1:15:58]} 6. cxd4 {[%clk
1:21:44]} Bb4+ {[%clk 1:14:32]} 7. Nc3 {[%clk 1:16:40]} Qxd5 {[%clk 1:12:13]} 8.
Qa4+ {[%clk 1:16:17]} Nc6 {[%clk 1:12:20]} 9. Bb5 {[%clk 1:16:23]} Bd7 {[%clk
1:02:01]} 10. O-O {[%clk 1:13:43]} Bxc3 {[%clk 1:01:50]} 11. bxc3 {[%clk
1:14:01]} Nge7 {[%clk 0:58:47]} 12. c4 {[%clk 1:01:16]} Qf5 {[%clk 0:58:49]} 13.
Ba3 {[%clk 0:53:28]} Kd8 {[%clk 0:47:48]} 14. Rfe1 {[%clk 0:46:19]} Ng6 {[%clk
0:40:46]} 15. d5 {[%clk 0:26:27]} Nce5 {[%clk 0:28:50]} 16. Nxe5 {[%clk 0:23:01]}
Nxe5 {[%clk 0:24:33]} 17. c5 {[%clk 0:22:23]} Bxb5 {[%clk 0:06:42]} 18. Qxb5
{[%clk 0:22:12]} Nd3 {[%clk 0:06:51]} 19. Rf1 {[%clk 0:10:58]} Rb8 {[%clk
0:05:54]} 20. Qb3 {[%clk 0:09:13]} Nf4 {[%clk 0:03:12]} 21. Qf3 {[%clk 0:08:41]}
g5 {[%clk 0:03:08]} 22. g4 {[%clk 0:08:08]} Qd3 {[%clk 0:02:53]} 23. Qxd3 {[%clk
0:07:52]} Nxd3 {[%clk 0:03:22]} 24. Rfd1 {[%clk 0:06:22]} Nf4 {[%clk 0:03:26]}
25. Kf1 {[%clk 0:05:39]} h5 {[%clk 0:02:48]} 26. Bb2 {[%clk 0:05:12]} Rh6 {[%clk
0:02:44]} 27. Bg7 {[%clk 0:05:20]} Rg6 {[%clk 0:02:31]} 28. Be5 {[%clk 0:05:33]}
hxg4 {[%clk 0:02:45]} 29. Rd4 {[%clk 0:05:33]} f6 {[%clk 0:02:14]} 30. Bxf4
{[%clk 0:05:21]} gxf4 {[%clk 0:02:38]} 31. Rxf4 {[%clk 0:05:33]} Kd7 {[%clk
0:02:45]} 32. Re1 {[%clk 0:05:31]} Rh8 33. Kg2 {[%clk 0:05:31]} b6 1-0